| Поле | Инд. | ПП | Название | Значение |
|---|---|---|---|---|
| Тип записи | a | |||
| Библиографический уровень | b | |||
| 001 | Контрольный номер | RU/IS/BASE/457548653 | ||
| 005 | Дата корректировки | 20200630193202.1 | ||
| 008 | Кодируемые данные | 20140701 | ||
| 040 | b | Код языка каталог. | rus | |
| e | Правила каталог. | PSBO | ||
| 041 | 0_ | a | Код языка текста | rus |
| 084 | a | Индекс другой классификации/Индекс ББК | 65.053 | |
| 100 | 1_ | a | Автор | Полбин А. В. |
| q | Полное имя | Полбин Андрей Владимирович | ||
| 245 | 10 | a | Заглавие | Построение динамической стохастической модели общего равновесия для экономики с высокой зависимостью от экспорта нефти |
| 504 | a | Библиография | Лит.: с. 356 - 359 (74 назв.) | |
| 520 | 0_ | a | Аннотация | Описывается динамическая стохастическая модель общего равновесия для малой открытой экономики с высокой зависимостью от экспорта нефти. Особенностью модели является многотоварная структура, в рамках которой нефть экспортируется и используется в качестве фактора производства торгуемых и неторгуемых товаров. В модели предполагается существование жесткостей цен и заработных плат, привычек в потреблении домохозяйств, издержек на установку капитала и издержек загрузки капитальных мощностей. В качестве одного из практических применений откалиброванной модели анализируется эффект от изменения мировых цен на нефть. |
| 650 | 14 | a | Основная рубрика | экономика |
| a | Основная рубрика | экономический анализ | ||
| 653 | 1_ | a | Ключевые слова | динамическая модель |
| a | Ключевые слова | домашние хозяйства (домохозяйства) | ||
| a | Ключевые слова | запасы нефти | ||
| a | Ключевые слова | заработная плата | ||
| a | Ключевые слова | имитационный анализ | ||
| a | Ключевые слова | макроэкономика | ||
| a | Ключевые слова | мировая экономика | ||
| a | Ключевые слова | мировые цены на нефть | ||
| a | Ключевые слова | неторгуемые товары | ||
| a | Ключевые слова | потребление | ||
| a | Ключевые слова | рыночная конкуренция | ||
| a | Ключевые слова | численный анализ | ||
| a | Ключевые слова | экономика предприятия | ||
| a | Ключевые слова | экономическая полезность | ||
| a | Ключевые слова | экономические модели | ||
| a | Ключевые слова | экономический кризис | ||
| a | Ключевые слова | экономическое равновесие | ||
| a | Ключевые слова | экспорт нефти | ||
| a | Ключевые слова | энергетическая зависимость | ||
| 773 | 08 | t | Заглавие источника | Экономический журнал ВШЭ |
| d | Дата издания источника | 2013 | ||
| g | Прочая информация | Т. 17, № 2. - С. 323 - 359 : расчет., граф. | ||
| w | Контрольный № источника | RU/IS/BASE/425146877 | ||
| 901 | t | Тип документа | b |